000 00613nam a2200193Ia 4500
005 20250326140454.0
008 250326s9999 xx 000 0 und d
020 _a0-7506-4532-6
037 _aTextbook
040 _aFMSL
_beng
_cFMSL
041 _aeng
_2eng
084 _aXobD658(2:55) P2
_qFMSL
100 _aBarnes Stuart
_9511335
245 0 _aE-Commerce & V-Business: Business models for global success
_cBarnes Stuart; Hunt Brians
260 _aNew Delhi
_bNew Delhi, Butterworth Heinemann
_c2002
300 _axvii,302
942 _cTB
_hXobD658(2:55) P2
999 _c1285971
_d1285971